000 00608cam a2200205 4500
008 000000n1999 000 0 eng u
020 _a0860175189
035 _a(Sirsi) u100134
041 _aENG
050 _a627.2
110 _aConstruction Industry Research and Information Association
_94810
245 _aSafety in ports: ship-to-shore linkspans and walkways. A guide to procurement, operation and maintenance.
260 _aLondon
_bCIRIA
_c1999
300 _a235p. ; 30cm.
650 _aPORTS
650 _aBRIDGES
650 _aHEALTH AND SAFETY
_96244
690 _aTRANSPORT
942 _n0
999 _c99614
_d99614